| 000 | 01104nam a2200277 a 4500 | ||
|---|---|---|---|
| 001 | 000016950 | ||
| 003 | DO-SdBNP | ||
| 005 | 20250703140459.0 | ||
| 008 | 100312s1994 dr a r 000 0 spa d | ||
| 040 |
_aDO-SdBNP _bspa _cBNPHU |
||
| 082 |
_a371.716 _bV297h |
||
| 100 | 1 |
_aVargas, Alexis _937472 |
|
| 245 | 1 | 0 |
_aHacia una reformulación del programa de alimentación escolar / _cAlexis Vargas. |
| 260 |
_aSanto Domingo : _bPublicaciones del Sector Educación del PNUD ; _bSecretaría de Estado de Educación, Bellas Artes y Culto, _c1994. |
||
| 300 |
_a148 p. : _bil. ; _c26 cm. |
||
| 490 | 1 |
_aNutrición escolar _v1 |
|
| 504 | _aBibliografía : p. 147-148 | ||
| 590 | _aInventariado, 2018/BT | ||
| 650 | 4 |
_aAlimentos para escolares _937473 |
|
| 650 | 4 |
_aNutrición infantil _937474 |
|
| 650 | 7 |
_aEducación y estado _zRepública Dominicana _951256 |
|
| 710 | 2 |
_aRepública Dominicana. Secretaría de Estado de Educación, Bellas Artes y Culto. Plan Decenal de Educación. _937475 |
|
| 830 | 0 |
_aNutrición escolar _n1 _937476 |
|
| 910 | _aValidado. Control de calidad. MMOLINA | ||
| 942 |
_2ddc _cLBS1 |
||
| 999 |
_c16482 _d16482 |
||